Datum a čas kvízu
16
Celkem bodů
Celkový počet nahraných bodů na tomto kvízu bez doplňovacích otázek.
8.
Pořadí na kvízu
Konečné umístění týmu na tomto kvízu.
Zaznamenané odpovědi
| # | Otázka | Odpověď | Body | Výsledky |
|---|---|---|---|---|
| 1. | V nadcházejícím týdnu zveřejní... | Coffee on the GO | 0 | |
| 2. | Armáda jednoho evropského stát... | Švýcarsko | 0 | |
| 3. | Do českých kin vstoupil minulý... | ve vlaku | 1 | |
| 4. | Minulý týden jsme se dozvěděli... | Prima TV | 1 | |
| 5. | První velké překvapení jarní č... | Slavia Praha - MFK Karviná 0:1 | 0 | |
| 6. | Patrně nejznámější čarodějnicí... | Kirké | 1 | |
| 7. | Tento britsko-kanadský seriál... | Čarodějnice školou povinné | 0 | |
| 8. | Nechvalnou součástí historie j... | Salem | 1 | |
| 9. | Rolí Dorotky se ve filmové ada... | Judy Garlandová | 1 | |
| 10. | Tato legendární postava Lužick... | Krabat | 0 |